000 00813nam a22002057a 4500
999 _c18851
_d18851
003 AR-CdUCM
008 190515b ||||| |||| 00| 0 spa d
040 _aMUNICIPALIDAD PROVINCIAL DEL CUSCO
_cBIBLIOTECA MUNICIPAL DEL CUSCO
082 _a704.946 /
_bL91
100 _aCirlot, Juan Eduardo
_936687
245 _aDiccionario de símbolos tradicionales /
260 _aBarcelona :
_bLuis Miracle,
_c1958.
300 _a456 paginas ;
_bIlustraciones
_c21 cm.
505 _aContenido : Presencia del símbolo -- Origen y continuidad del símbolo -- Nociones sobre el símbolo -- La esencia del símbolo -- comprensión e interpretación...
650 _aEl símbolo
_939720
650 _aLa interpretación
_939721
650 _aAnálisis del símbolo
_939722
942 _2ddc
_cLIBROS
945 _awnts
_d2019-05-15